Les meilleures séries Américaines US - Statistiques

Statistiques générales
  • Ce quiz a été pris 883 fois
  • Le résultat moyen est 5 sur 20
Statistiques - réponses
Hint Réponse % Correct
3 Breaking Bad
71%
17 Friends
63%
2 Game of Thrones
63%
5 The Walking Dead
60%
13 Lost
30%
12 Dexter
25%
4 Les Soprano
21%
10 House of Cards
18%
1 The Wire / Sur Ecoute
17%
19 X-Files
12%
19 American Horror Story
11%
15 Homeland
10%
20 Mad Men
10%
6 Oz
10%
7 Six Pieds sous Terre
10%
9 True Detective
10%
14 Twin Peaks
10%
16 Sons of Anarchy
8%
8 The Shield
6%
11 Battlestar Galactica
3%
Aucun quiz correspondant
Distribution des résultats
% des personnes avec chaque résultat
Percentile par nombre de réponses
Votre historique - résultats
Vous n’avez pas pris ce quiz